000 00999cam a2200265 a 4500
001 1107178
005 20231204001340.0
008 930628s1993 ctu b 101 0 eng
020 _a1565490290 (pbk. : recycled, acidfree paper)
040 _aDLC
_cDLC
_dDLC
082 0 0 _a305.42
_220
245 0 0 _aWomen at the center :
_bdevelopment issues and practices for the 1990s /
_ceditors, Gay Young, Vidyamali Samarasinghe, Ken Kusterer.
260 _aWest Hartford, Conn. :
_bKumarian Press,
_c1993.
300 _ax, 221 p. ;
500 _a"Prepared under the auspices of the Association for Women in Development."
500 _aPapers based on the Fifth International Forum of the Association for Women in Development (AWID), held in Washington, D.C., November 12-24, 1991.
650 0 _aWomen in development.
650 0 _aSex role.
650 0 _aWomen
650 0 _aWomen
700 1 _aYoung, Gay.
700 1 _aSamarasinghe, Vidyamali.
700 1 _aKusterer, Kenneth C.
_eedt
942 _cL
999 _c116
_d116